Увеличение нефтеотдачи пластов композициями ПАВ: монография

Dades bibliogràfiques
Autor principal: Алтунина Л. К. Любовь Константиновна
Altres autors: Кувшинов В. А. Владимир Александрович
Idioma:rus
Publicat: Новосибирск, Наука, 1995
Matèries:
Format: MixedMaterials Llibre
KOHA link:https://koha.lib.tpu.ru/cgi-bin/koha/opac-detail.pl?biblionumber=23139

MARC

LEADER 00000nam0a2200000 4500
001 23139
005 20231030195125.0
010 |a 5020306045 
035 |a (RuTPU)RU\TPU\book\23355 
035 |a BOOK00023427 
090 |a 23139 
100 |a 20011209d1995 k y0rusy50 ca 
101 0 |a rus 
102 |a RU 
105 |a y z 000zy 
200 1 |a Увеличение нефтеотдачи пластов композициями ПАВ  |e монография  |f Л. К. Алтунина, В. А. Кувшинов 
210 |a Новосибирск  |c Наука  |d 1995 
215 |a 198 с. 
610 1 |a горное дело 
610 1 |a нефть 
610 1 |a нефтеотдача 
610 1 |a нефтяные пласты 
610 1 |a композиции 
610 1 |a монографии 
675 |a 622.276.344  |v 3 
700 1 |a Алтунина  |b Л. К.  |c российский химик  |c директор Института химии нефти СО РАН  |f 1944-  |g Любовь Константиновна  |2 stltpush  |3 (RuTPU)RU\TPU\pers\12090 
701 1 |a Кувшинов  |b В. А.  |g Владимир Александрович 
801 0 |a RU  |b 63413507  |c 20011209  |g PSBO 
801 2 |a RU  |b 63413507  |c 20191018  |g PSBO 
942 |c BK